000 00336nam a2200157Ia 4500
003 OSt
005 20240115094435.0
008 170524s9999 xx 000 0 und d
020 _a9788178087016
040 _ciimtu
100 _aMorrison Boyd
245 0 _aOrganic Chemistry
260 _bPearson
260 _c2007
942 _2ddc
_c02
999 _c4660
_d4660